Plants and subsistence in the Teotihuacan Valley, A. D. 100-750 /

Bibliographic Details
Main Author: McClung de Tapia, Emily
Corporate Author: Brandeis University. Department of Anthropology
Format: Thesis Book
Language:English
Published: [Place of publication not identified] : [publisher not identified] ; 1979.
Subjects:

MARC

Tag First Indicator Second Indicator Subfields
LEADER 00000cam a2200000 a 4500
001 in00000912321
005 20150924173017.0
008 880311r19851979miuabf b 00010 eng d
035 |a (OCoLC)17614153 
035 |9 AEQ0873AM 
040 |a MBB  |c MBB  |d UtOrBLW 
049 |a TXAM  |c [A13375568] 
050 4 |a F1219.3.P6  |b M34 1979a 
100 1 |a McClung de Tapia, Emily. 
245 1 0 |a Plants and subsistence in the Teotihuacan Valley, A. D. 100-750 /  |c by Emily Seitz McClung de Tapia. 
264 1 |a [Place of publication not identified] :  |b [publisher not identified] ;  |c 1979. 
300 |a xii, 494 leaves, 34 unnumbered leaves of plates :  |b illustrations, maps. 
336 |a text  |b txt  |2 rdacontent 
337 |a unmediated  |b n  |2 rdamedia 
338 |a volume  |b nc  |2 rdacarrier 
502 |b Ph.D.  |c Brandeis University  |d 1979. 
500 |a "UMI: 7925716". 
504 |a Bibliography: leaves 479-494. 
533 |a Photocopy.  |b Ann Arbor, Mich. :  |c University Microfilms International  |d 1985.  |e 21 cm. 
650 0 |a Plants, Useful  |z Mexico  |z Teotihuacan. 
710 2 |a Brandeis University.  |b Department of Anthropology.  |t Theses. 
999 |a MARS 
999 f f |s 15d2a8b8-399f-371c-8689-ada67bc181fb  |i db26b4f8-9365-31ca-b184-5b25e764f2a5  |t 0 
952 f f |p ric  |a Texas A&M University  |b Rellis Campus  |c Joint Library Facility  |d Remote Storage  |t 0  |e F1219.3.P6 M34 1979a  |h Library of Congress classification  |i unmediated -- volume  |m A14813375568 
998 f f |a F1219.3.P6 M34 1979a  |t 0  |l Remote Storage